00844nam a22002417a 45000010005000000030006000050050017000110080041000280200018000690400030000870500016001170820010001331000019001432450090001622600051002523000050003035050008003535200159003615210020005205210020005406500027005607000015005878424FISKH20250911112259.0250911b cb ||||| |||| 00| 0 eng d a9780874838022 aFISKHbeng cFISKHdFISKH aPZ8.C5912 D a398.2 aCleveland, Rob aDrum : bA folktale from India / cretold by Rob Cleveland : illustrated by Tom Wrenn aAtlandta : bAugust House Story Core , c2006. a30 pages : bcolor illustrations ; c20 cm .  aM  aA retelling of the Indic folktale of a poor young boy who dreams of owning a drum and when he receives a magic stick, is able to create his own good luck.8 a530 bLexile 8 aM bRaz-Plus  aMulticulturalvFiction aWrenn, Tom